000 00317nam a2200133Ia 4500
005 20260328101525.0
008 260328s9999||||xx |||||||||||||| ||und||
100 _aScientific American
245 0 _aCities /
_cScientific American
260 _bAlfred A. Knopf
300 _a211 p.
650 _aURBANISMO
942 _cBK
999 _c9742
_d9742